000 00593nam a2200217Ia 4500
003 OSt
005 20220928141428.0
006 a|||||r|||| 00| 0
007 ta
008 220927b |||||||| |||| 00| 0 eng d
024 _a14869
037 _cTextual
040 _aSDCL
_cSDCL
_beng
041 _2eng
_aeng
082 _aO-(Y15),2N3x, N6
100 _aKelly Katherine E
_9500025
245 0 _aModern drama by women 1880-1930
_b An international anthology.
260 _c1996
942 _hO-(Y15),2N3x, N6
_cTEXL
_2CC
999 _c817278
_d817278